000 00619nam a22001937a 4500
003 OSt
005 20260303002314.0
008 260202b |||||||| |||| 00| 0 eng d
020 _a971-92983-0-8
040 _aDWCL-Main Lib
_cOC
082 _aSC. 391.2 C392 [?]
110 _aFEDERATION OF PHIL. PHOTOGRAPHERS FOUNDATION
_eCorporate Author
245 _aCelebration : three fabuloes decades
260 _a[s.l.] : Rupert Jacinto :
_bRPA & Communicate,
_c[?].
300 _a162 p. :
_bill. (chiefly col.) ;
_c25 cm.
504 _a1. Includes references.
650 _aDresses - Philippines.
942 _2ddc
_cSC
_mSC.
_n0
999 _c8122
_d8122